000 01250nam a2200313 i 4500
001 185291
003 SpMaBN
005 20250623063023.0
008 160509s2015 sp |||| | spa d
020 _a978-84-16536-05-4
080 _a821.134.2-1"19"
100 1 _aRamírez Codina, Juan,
_d1954-
_9159277
245 1 3 _aEl duelo /
_cJuan Ramírez Codina.
250 _a1ª ed.
_b500 ejemp. firmados y num. por el autor.
260 _aLogroño :
_b4 de Agosto,
_c2015.
300 _a3 v. :
_b(guardados en estuche) ;
_c16 cm.
490 1 _aPlaneta clandestino ;
_v166
505 8 _aContiene: I ;
_tPlanteamiento (123 p.) - II ;
_tNudo (141 p.) - III ;
_tDesenlace (115 p.)
740 0 2 _aPlanteamiento.
740 0 2 _aNudo.
740 0 2 _aDesenlace.
830 0 _aPlaneta clandestino ;
_v166
_9225186
852 _aES-MaACL
_jA-13742
_pv.1
_9192314
_bR.150998
_cDEPO1
_dOlim: N-6742
_hDonación: Daniel Pacheco
852 _aES-MaACL
_jA-13743
_pv.2
_9200889
_bR.150998
_cDEPO1
_dOlim: N-6743
_hDonación: Daniel Pacheco
852 _aES-MaACL
_jA-13744
_pv.3
_9200890
_bR.150948
_cDEPO1
_dOlim: N-6744
_hDonación: Daniel Pacheco
903 _aPacheco Fernández, Daniel
_ednr
_988132
942 _2udc
_cMONOGRAFIA
999 _c185291
_d185291